MARC details
| 000 -LÍDER |
| campo de controle de tamanho fixo |
01111nam a22003017a 4500 |
| 001 - NÚMERO DE CONTROLE |
| campo de controle |
BR8203608 |
| 003 - IDENTIFICADOR DO NÚMERO DE CONTROLE |
| campo de controle |
BR-BrBNA |
| 005 - DATA E HORÁRIO DA ÚLTIMA TRANSAÇÃO |
| campo de controle |
20230928091341.0 |
| 007 - CAMPO FIXO DE DESCRIÇÃO FÍSICA--INFORMAÇÃO GERAL |
| campo de controle de tamanho fixo |
ta |
| 008 - CAMPO DE DADOS FIXOS--INFORMAÇÃO GERAL |
| campo de controle de tamanho fixo |
230509b bl.||||| |||| 00| 0 por d |
| 040 ## - FONTE DA CATALOGAÇÃO |
| Instituição da catalogação original |
BR-BrBNA |
| Idioma da catalogação |
por |
| Instituição que transcreveu o registro |
Biblioteca Nacional de Agricultura |
| 041 ## - CÓDIGO DE IDIOMA |
| Código do idioma do texto/trilha sonora ou título diferente |
(Por) |
| 072 ## - CÓDIGO DE CATEGORIA DE ASSUNTO |
| Código de Categoria de Assunto |
P05; F25 |
| 090 ## - NÚMERO DE CHAMADA LOCAL |
| -- |
P05 BR8203608 |
| 110 1# - ENTRADA PRINCIPAL--NOME CORPORATIVO |
| Nome corporativo ou nome da jurisdição |
Instituto Brasileiro de Petroleo, Rio de Janeiro, RJ; |
| 9 (RLIN) |
5809 |
| 110 1# - ENTRADA PRINCIPAL--NOME CORPORATIVO |
| Nome corporativo ou nome da jurisdição |
Cooperativa Central dos Produtores de Acucar e Alcool do Estado de Sao Paulo, Sao Paulo (Brasil); |
| 9 (RLIN) |
2827 |
| 110 1# - ENTRADA PRINCIPAL--NOME CORPORATIVO |
| Nome corporativo ou nome da jurisdição |
Conselho Nacional de Desenvolvimento Cientifico e Tecnologico, Brasilia, DF (Brasil) |
| 111 1# - ENTRADA PRINCIPAL--NOME DO EVENTO |
| Nome do evento ou lugar |
Encontro Tecnico sobre Problemas e Oportunidades no Aproveitamento de Vinhoto |
| Local do evento |
Rio de Janeiro, RJ (Brazil) |
| Data do evento ou assinatura do tratado |
15 Sep 1982 |
| 245 1# - TÍTULO |
| Título |
Encontro Tecnico sobre Problemas e Oportunidades no Aproveitamento de Vinhoto. Conferencias |
| 260 3# - PUBLICAÇÃO, DISTRIBUIÇÃO, ETC. |
| Local de publicação, distribuição, etc. |
Sao Paulo, SP (Brasil): |
| Data da publicação, distribuição, etc. |
1982. |
| 300 ## - DESCRIÇÃO FÍSICA |
| Extensão |
96 p. |
| 650 ## - ASSUNTO--TERMO TÓPICO |
| Cabeçalho tópico ou nome geográfico |
VINHACA |
| 650 ## - ASSUNTO--TERMO TÓPICO |
| Cabeçalho tópico ou nome geográfico |
ETANOL |
| 650 ## - ASSUNTO--TERMO TÓPICO |
| Cabeçalho tópico ou nome geográfico |
FERTILIZANTE |
| 650 ## - ASSUNTO--TERMO TÓPICO |
| Cabeçalho tópico ou nome geográfico |
POLUICAO |
| 909 ## - |
| -- |
202309 |
| -- |
Lucia |
| -- |
55 |
| -- |
Lucia Elande |
| 942 ## - ELEMENTOS DE ENTRADA ADICIONADOS (KOHA) |
| Tipo de material Koha |
Livros |